00591nam a2200121Ia 4500008004100000020001800041100005600059245021600115260002700331440002100358650004100379856004900420171212s9999 xx 000 0 und d a9780833092793 aMorral, Andrew R.;Gore, Kristie L.;Schell, Terry L. cMorral, Andrew R.;Gore, Kristie L.;Schell, Terry L.aSexual Assault and Sexual Harassment in the U.S. MilitarybVolume 4. Investigations of Potential Bias in Estimates from the 2014 RAND Military Workplace Study bRAND Corporationc2016 aResearch Reports aManagement & Organizational Behavior uhttp://jstor.org/stable/10.7249/j.ctt1b7x5wx